The Gambia : Economic Adjustment in a Small Open Economy /

The Gambia, one of the least developed countries in Africa, has been pursuing corrective economic policies since 1985, aimed at restroing financial stability and laying the basis for strong and sustainable economic growth. Supported by IMF policy advice and financing. The Gambia's economic perf...

全面介紹

書目詳細資料
主要作者: Verreydt, Eric
其他作者: Hadjimichael, Michael, Rumbaugh, Thomas
格式: 雜誌
語言:English
出版: Washington, D.C. : International Monetary Fund, 1992.
叢編:Occasional Papers; Occasional Paper ; No. 1992/011
在線閱讀:Full text available on IMF
LEADER 01575cas a2200265 a 4500
001 AALejournalIMF015730
008 230101c9999 xx r poo 0 0eng d
020 |c 15.00 USD 
020 |z 9781557752307 
022 |a 0251-6365 
040 |a BD-DhAAL  |c BD-DhAAL 
100 1 |a Verreydt, Eric. 
245 1 4 |a The Gambia :   |b Economic Adjustment in a Small Open Economy /  |c Eric Verreydt, Michael Hadjimichael, Thomas Rumbaugh. 
264 1 |a Washington, D.C. :  |b International Monetary Fund,  |c 1992. 
300 |a 1 online resource (48 pages) 
490 1 |a Occasional Papers 
500 |a <strong>Off-Campus Access:</strong> No User ID or Password Required 
500 |a <strong>On-Campus Access:</strong> No User ID or Password Required 
506 |a Electronic access restricted to authorized BRAC University faculty, staff and students 
520 3 |a The Gambia, one of the least developed countries in Africa, has been pursuing corrective economic policies since 1985, aimed at restroing financial stability and laying the basis for strong and sustainable economic growth. Supported by IMF policy advice and financing. The Gambia's economic performance has improved considerably since 1985. This study discusses Gambian adjustment policies and their benefits. 
538 |a Mode of access: Internet 
700 1 |a Hadjimichael, Michael. 
700 1 |a Rumbaugh, Thomas. 
830 0 |a Occasional Papers; Occasional Paper ;  |v No. 1992/011 
856 4 0 |z Full text available on IMF  |u http://elibrary.imf.org/view/books/084/07007-9781557752307-en/07007-9781557752307-en-book.xml  |z IMF e-Library